Индукторный двигатель с магнитоэлектрическим возбуждением: автореферат диссертации на соискание ученой степени кандидата технических наук; спец. 05.09.01

Dades bibliogràfiques
Autor principal: Попова Т. Н. Татьяна Николаевна
Autor corporatiu: Томский политехнический университет
Altres autors: Сипайлов Г. А. Геннадий Антонович (научный руководитель), Цукублин А. Б. Анатолий Борисович
Sumari:Защита сост. 10.11.1993 г.
Idioma:rus
Publicat: Томск, 1993
Matèries:
Format: MixedMaterials Llibre
KOHA link:https://koha.lib.tpu.ru/cgi-bin/koha/opac-detail.pl?biblionumber=73932

MARC

LEADER 00000nam0a2200000 4500
001 73932
005 20231031084823.0
035 |a (RuTPU)RU\TPU\book\78865 
090 |a 73932 
100 |a 20050224d1993 k y0rusy50 ca 
101 0 |a rus 
102 |a RU 
105 |a a dm 001zy 
200 1 |a Индукторный двигатель с магнитоэлектрическим возбуждением  |e автореферат диссертации на соискание ученой степени кандидата технических наук  |e спец. 05.09.01  |f Т. Н. Попова  |g Томский политехнический университет; науч. рук. Г. А. Сипайлов, А. Б. Цукублин 
210 |a Томск  |d 1993 
215 |a 19 с.  |c ил. 
300 |a Защита сост. 10.11.1993 г. 
320 |a Библиогр.: с. 19 (6 назв.) 
610 1 |a электрические машины 
610 1 |a индукторные двигатели 
610 1 |a магнитоэлектрические возбуждения 
610 1 |a реактивный момент 
610 1 |a расчет 
610 1 |a анализ 
610 1 |a пульсации 
610 1 |a авторефераты диссертаций 
675 |a 621.313.8(04)  |v 3 
686 |a 05.09.01  |2 oksvnk 
700 1 |a Попова  |b Т. Н.  |g Татьяна Николаевна 
702 1 |a Сипайлов  |b Г. А.  |c специалист в области электромеханики  |c профессор Томского политехнического университета  |f 1920-2004  |g Геннадий Антонович  |2 stltpush  |3 (RuTPU)RU\TPU\pers\12400  |4 727 
702 1 |a Цукублин  |b А. Б.  |c специалист в области электротехники  |c доцент Томского политехнического университета, кандидат технических наук  |f 1939-  |g Анатолий Борисович  |2 stltpush  |3 (RuTPU)RU\TPU\pers\27934  |4 727 
712 0 2 |a Томский политехнический университет  |2 stltpush  |3 (RuTPU)RU\TPU\col\376 
801 1 |a RU  |b 63413507  |c 20050224  |g PSBO 
801 2 |a RU  |b 63413507  |c 20150907  |g RCR 
942 |c BK